000 00463ntaaa2200169 4500
003 01
005 20251027201359.0
008 0714s1973 ag 01
040 _aAR-BaBN
_bspa
_cAR-BaBN
_eaacr
_dRIC
082 _a225.59239 B47
245 _aBiblia - Nuevo Testamento y Salmos Siriaco.
250 _a12 ed. :
_bSociedades BĂ­blicas,
_c1913
300 _a621 p., 143 p.
650 _aSiriaco-Biblia-N.T.-Salmos
_912282
650 _aSalmos-Siriaco
_912283
942 _cBK
999 _c8337
_d8337